LEADER 01877nam 22004455 450 001 9910150375603321 005 20200712114351.0 010 $a3-476-00036-2 024 7 $a10.1007/978-3-476-00036-1 035 $a(CKB)3710000000838367 035 $a(DE-He213)978-3-476-00036-1 035 $a(MiAaPQ)EBC4654031 035 $a(EXLCZ)993710000000838367 100 $a20160825d2007 u| 0 101 0 $ager 135 $aurnn|008mamaa 181 $ctxt$2rdacontent 182 $cc$2rdamedia 183 $acr$2rdacarrier 200 14$aDie Welt als Bühne$b[electronic resource] $eGeschichte des europäischen Theaters. Sechster Band: Chronik, Bibliographie, Register /$fvon Manfred Brauneck 205 $a1st ed. 2007. 210 1$aStuttgart :$cJ.B. Metzler :$cImprint: J.B. Metzler,$d2007. 215 $a1 online resource (XII, 583 S.) 311 $a3-476-01971-3 320 $aIncludes bibliographical references and indexes. 330 $aBand 6 deckt das Gesamtwerk mit Registern ab. Er enthält ein Titelregister, das sämtliche Titel der besprochenen Theaterstücke nennt, Namen- und Ortsregister der Bände 1 bis 5, eine Chronik und eine thematisch gegliederte Bibliografie. Ein unverzichtbares Arbeitsmittel. 606 $aTheater?History 606 $aEthnology?Europe 606 $aTheatre History$3https://scigraph.springernature.com/ontologies/product-market-codes/415010 606 $aEuropean Culture$3https://scigraph.springernature.com/ontologies/product-market-codes/411070 615 0$aTheater?History. 615 0$aEthnology?Europe. 615 14$aTheatre History. 615 24$aEuropean Culture. 676 $a301 700 $aBrauneck$b Manfred$4aut$4http://id.loc.gov/vocabulary/relators/aut$0192574 906 $aBOOK 912 $a9910150375603321 996 $aDie Welt als Bühne$92857324 997 $aUNINA LEADER 00959nam0 22002651i 450 001 UON00330509 005 20231205104218.667 100 $a20090909d1978 |0itac50 ba 101 $aeng 102 $aUS 105 $a|||| 1|||| 200 1 $aTelepathist$fJohn Brunner 210 $aLondon$cFontana$d1978 215 $a190 p.$d18 cm. 410 1$1001UON00330515$12001 $aFontana Science Fiction$v4611 620 $aGB$dLondon$3UONL003044 676 $a813.52$cNarrativa americana in lingua inglese. 1900-1945$v21 700 1$aBRUNNER$bJohn$3UONV188068$0235457 712 $aFontana/Collins$3UONV275822$4650 801 $aIT$bSOL$c20240220$gRICA 899 $aSIBA - SISTEMA BIBLIOTECARIO DI ATENEO$2UONSI 912 $aUON00330509 950 $aSIBA - SISTEMA BIBLIOTECARIO DI ATENEO$dSI Angl VI A BRU $eSI LO 8308 5 996 $aTelepathist$91367585 997 $aUNIOR LEADER 01000nam 2200253la 450 001 9910482169103321 005 20221102160747.0 035 $a(UK-CbPIL)2090321683 035 $a(CKB)5500000000089481 035 $a(EXLCZ)995500000000089481 100 $a20221102d1650 uy | 101 0 $alat 135 $aurcn||||a|bb| 200 10$aPassiones animae Per Renatum Des Cartes Gallice? ab ipso conscriptae, nunc autem in exterorum gratiam Latina civitate donatae ab H.D.M. I.V.L 210 $aAmsterdam $cLouis Elzevir$d1650 215 $aOnline resource (12°) 300 $aReproduction of original in Koninklijke Bibliotheek, Nationale bibliotheek van Nederland. 700 $aDescartes$b Rene?$f1596-1650.$0340660 801 0$bUk-CbPIL 801 1$bUk-CbPIL 906 $aBOOK 912 $a9910482169103321 996 $aPassiones animae Per Renatum Des Cartes Gallice? ab ipso conscriptae, nunc autem in exterorum gratiam Latina civitate donatae ab H.D.M. I.V.L$92062122 997 $aUNINA